<?xml version="1.0" encoding="UTF-8"?>
<collection xmlns="http://www.loc.gov/MARC21/slim">
 <record>
  <leader>05224nam a2200349 a 4500</leader>
  <controlfield tag="001">kal2701</controlfield>
  <controlfield tag="003">Gr-AtHEAL</controlfield>
  <controlfield tag="005">20160421090949.0</controlfield>
  <controlfield tag="006">m        d        </controlfield>
  <controlfield tag="008">160413s2015    gr      s           gre|c</controlfield>
  <datafield tag="020" ind1=" " ind2=" ">
   <subfield code="a">9789606033568</subfield>
  </datafield>
  <datafield tag="040" ind1=" " ind2=" ">
   <subfield code="a">GR-AtHEAL</subfield>
   <subfield code="b">gre</subfield>
   <subfield code="c">GR-AtHEAL</subfield>
  </datafield>
  <datafield tag="082" ind1="0" ind2="4">
   <subfield code="a">025.5</subfield>
   <subfield code="2">23</subfield>
  </datafield>
  <datafield tag="100" ind1="1" ind2=" ">
   <subfield code="a">Κορομπίλη, Στυλιανή.</subfield>
   <subfield code="8">142</subfield>
  </datafield>
  <datafield tag="245" ind1="1" ind2="0">
   <subfield code="a">Πληροφοριακή παιδεία</subfield>
   <subfield code="h">[Ηλεκτρονικός πόρος] </subfield>
   <subfield code="b">Εκπαίδευση χρηστών βιβλιοθηκών για επιβίωση στην κοινωνία των πληροφοριών</subfield>
   <subfield code="c">Κορομπίλη, Στυλιανή ;  Τόγια, Ασπασία ;  Κριτικός αναγνώστης, Σταμάτης, Δημοσθένης ; Τεχνική επιμέλεια, Φωτεινόπουλος, Μιχαήλ Αναστάσιος ;  Γλωσσική επιμέλεια, Κιοσέογλου, Νερίνα.</subfield>
  </datafield>
  <datafield tag="260" ind1=" " ind2=" ">
   <subfield code="a">Αθήνα :</subfield>
   <subfield code="b">Σύνδεσμος Ελληνικών Ακαδημαϊκών Βιβλιοθηκών,</subfield>
   <subfield code="c">c2015.</subfield>
  </datafield>
  <datafield tag="490" ind1=" " ind2=" ">
   <subfield code="a">Ακαδημαϊκά Ηλεκτρονικά Συγγράμματα και Βοηθήματα Κάλλιπος</subfield>
   <subfield code="8">40</subfield>
  </datafield>
  <datafield tag="520" ind1=" " ind2=" ">
   <subfield code="a">Η πληροφορία και η τεχνολογία των επικοινωνιών αποτελούν σημαντικό παράγοντα που επηρεάζει σχεδόν κάθε πλευρά της κοινωνικής ρευστότητας που βιώνουμε. Η λέξη κλειδί, λοιπόν της σύγχρονης κοινωνίας είναι η πληροφόρηση, η οποία παίζει σημαντικό ρόλο στις οικονομικές δραστηριότητες και στην κοινωνική αλλαγή. Για να μπορούν οι άνθρωποι να αποδώσουν επιστημονικά ή οικονομικά στη θέση που τάχθηκαν να υπηρετήσουν πρέπει να έχουν πρόσβαση στην τεχνολογία της πληροφόρησης και να είναι σε θέση να αναζητήσουν, να εντοπίσουν, να επεξεργαστούν, να αξιολογήσουν και να χρησιμοποιήσουν την πληροφορία ηθικά και νόμιμα. Οι δεξιότητες αυτές συμβάλλουν στη γενικότερη πληροφοριακή παιδεία του ατόμου. Οι βιβλιοθηκονόμοι και επιστήμονες της πληροφόρησης πρέπει να αναλάβουν ενεργό ρόλο στην εκπαιδευτική διαδικασία και να συμβάλλουν στον πληροφοριακό πολιτισμό της χώρας τους δημιουργώντας πληροφοριακά πεπαιδευμένους χρήστες της πληροφορίας. Το βιβλίο λοιπόν αυτό απευθύνεται σε προπτυχιακούς και μεταπτυχιακούς φοιτητές Βιβλιοθηκονομίας και Επιστήμης της Πληροφόρησης καθώς και σε επαγγελματίες του κλάδου με σκοπό να τους εφοδιάσει με τις απαραίτητες γνώσεις και δεξιότητες που είναι απαραίτητες για την αποτελεσματική διάδοση της πληροφοριακής παιδείας. Στο βιβλίο οι αναγνώστες μπορούν να βρουν το απαραίτητο υλικό για την κατανόηση εννοιών που σχετίζονται με:- το ρόλο και τις αξίες της πληροφορίας- την πληροφοριακή συμπεριφορά των χρηστών- τις θεωρίες μάθησης και τον σχεδιασμό διδακτικής διαδικασίας- την ανάπτυξη μαθημάτων πληροφοριακού γραμματισμού</subfield>
  </datafield>
  <datafield tag="650" ind1=" " ind2="0">
   <subfield code="a">Information literacy</subfield>
   <subfield code="8">1945</subfield>
  </datafield>
  <datafield tag="653" ind1=" " ind2=" ">
   <subfield code="a">Πληροφοριακή Παιδεία</subfield>
  </datafield>
  <datafield tag="653" ind1=" " ind2=" ">
   <subfield code="a">Θεωρίες μάθησης</subfield>
  </datafield>
  <datafield tag="653" ind1=" " ind2=" ">
   <subfield code="a">Πληροφορία και γνώση</subfield>
  </datafield>
  <datafield tag="653" ind1=" " ind2=" ">
   <subfield code="a">Δεξιότητες πληροφοριακού γραμματισμού</subfield>
  </datafield>
  <datafield tag="653" ind1=" " ind2=" ">
   <subfield code="a">Πληροφοριακός γραμματισμός</subfield>
  </datafield>
  <datafield tag="653" ind1=" " ind2=" ">
   <subfield code="a">Οικονομικές επιστήμες</subfield>
   <subfield code="a">Διοίκηση επιχειρήσεων και οικονομικά των επιχειρήσεων, μάρκετινγκ, λογιστική</subfield>
  </datafield>
  <datafield tag="700" ind1="1" ind2=" ">
   <subfield code="a">Τόγια, Ασπασία</subfield>
   <subfield code="e">Συγγραφέας</subfield>
   <subfield code="8">146</subfield>
  </datafield>
  <datafield tag="700" ind1="1" ind2=" ">
   <subfield code="a">Σταμάτης, Δημοσθένης</subfield>
   <subfield code="e">Κριτικός αναγνώστης</subfield>
   <subfield code="8">147</subfield>
  </datafield>
  <datafield tag="856" ind1="4" ind2="0">
   <subfield code="u">http://hdl.handle.net/11419/2701</subfield>
   <subfield code="z">Πλήρες Κείμενο - Full text</subfield>
  </datafield>
  <datafield tag="907" ind1=" " ind2=" ">
   <subfield code="a">.b25680961</subfield>
   <subfield code="b">12-06-18</subfield>
   <subfield code="c">29-07-16</subfield>
  </datafield>
  <datafield tag="949" ind1=" " ind2=" ">
   <subfield code="0">0</subfield>
   <subfield code="1">0</subfield>
   <subfield code="2">ddc</subfield>
   <subfield code="4">0</subfield>
   <subfield code="6">025_500000000000000_ΚΟΡ</subfield>
   <subfield code="7">0</subfield>
   <subfield code="8">KALL</subfield>
   <subfield code="8">855</subfield>
   <subfield code="d">2016-04-13</subfield>
   <subfield code="r">2016-04-13</subfield>
   <subfield code="w">2016-04-13</subfield>
   <subfield code="z">025.5 ΚΟΡ</subfield>
   <subfield code="o">SEAB KALLIPOS</subfield>
  </datafield>
  <datafield tag="998" ind1=" " ind2=" ">
   <subfield code="a">80</subfield>
   <subfield code="a">01</subfield>
   <subfield code="a">02</subfield>
   <subfield code="a">03</subfield>
   <subfield code="a">04</subfield>
   <subfield code="a">05</subfield>
   <subfield code="a">06</subfield>
   <subfield code="a">07</subfield>
   <subfield code="a">08</subfield>
   <subfield code="a">09</subfield>
   <subfield code="a">10</subfield>
   <subfield code="a">11</subfield>
   <subfield code="a">12</subfield>
   <subfield code="a">13</subfield>
   <subfield code="a">14</subfield>
   <subfield code="a">15</subfield>
   <subfield code="a">16</subfield>
   <subfield code="a">17</subfield>
   <subfield code="a">18</subfield>
   <subfield code="a">19</subfield>
   <subfield code="a">20</subfield>
   <subfield code="a">21</subfield>
   <subfield code="a">22</subfield>
   <subfield code="a">23</subfield>
   <subfield code="a">24</subfield>
   <subfield code="a">25</subfield>
   <subfield code="a">26</subfield>
   <subfield code="b">22-05-17</subfield>
   <subfield code="c">m</subfield>
   <subfield code="d">z  </subfield>
   <subfield code="e">-</subfield>
   <subfield code="f">gre</subfield>
   <subfield code="g">gr </subfield>
   <subfield code="h">0</subfield>
  </datafield>
  <datafield tag="942" ind1=" " ind2=" ">
   <subfield code="2">ddc</subfield>
   <subfield code="c">KALLIPOS</subfield>
  </datafield>
 </record>
</collection>
